000 00748pam a2200229 a 4500
999 _c4446
_d4446
003 ALUPE UNIVERSITY
005 20220323104242.0
008 880222s1989 paua b 001 0 eng c
020 _a0397508662
040 _cALUPE UNIVERSITY
050 0 0 _aRG483
_b.E53 1989
060 _aWP 390 E56
245 0 0 _aEndometriosis :
_bcontemporary concepts in clinical management /
_c[edited by] Robert S. Schenken ; with 12 contributors.
260 _aPhiladelphia :
_bLippincott,
_cc1989.
300 _axiv, 338 p. :
_bill. ;
_c24 cm.
504 _aIncludes bibliographies and index.
650 0 _aEndometriosis.
650 2 _aEndometriosis.
700 1 _aSchenken, Robert S.
906 _a7
_bcbc
_corignew
_d1
_eocip
_f19
_gy-gencatlg
942 _2lcc
_cBK